Personnes célèbres de Normandie - Statistiques

Statistiques générales
  • Ce quiz a été pris 227 fois
  • Le résultat moyen est 6 sur 14
Statistiques - réponses
Indice Ville d'origine Personnalité % Correct
Rappeur avec toujours autant de pluie chez lui Alençon Orelsan
88%
Ancien premier ministre et maire du Havre Rouen Édouard Philippe
80%
À l'origine d'une fameuse maison de couture et de parfumerie de luxe qui porte son nom Granville Christian Dior
62%
A conquis le royaume de l'autre côté de la Manche Falaise Guillaume le conquérant
62%
Animateur de télévision emblématique depuis 1964 Vire Michel Drucker
54%
Pilote de Formule 1 vainqueur du Grand Prix de Hongrie en 2021 Évreux Esteban Ocon
44%
footballeur champion du monde en 2018 et joueur du FC Barcelone jusqu'en 2023 Vernon Ousmane Dembélé
44%
Dramaturge au célèbre dilemne Rouen Pierre Corneille
39%
A assassiné un révolutionnaire dans sa baignoire Écorches Charlotte Corday
35%
Actrice française ayant joué dans "Sauve qui peut la vie" de Godart et ancienne compagne de Johnny Hallyday mère de Laura Smet Maineville Nathalie Baye
32%
Réalisatrice de la Palme d'or "Anatomie d'une chute" en 2023 Fécamp Justine Triet
22%
Surréaliste fondateur de l'Oulipo et père d'une certaine "Zazie" Le Havre Raymond Queneau
19%
Plasticien d'avant garde naturalisé États-unien en 1955 Blainville-Crevon Marcel Duchamp
6%
Philosophe et Professeur au collège de France fan de photographie Cherbourg Roland Barthes
1%
Aucun quiz correspondant
Distribution des résultats
% des personnes avec chaque résultat
Percentile par nombre de réponses
Votre historique - résultats
Vous n’avez pas pris ce quiz